000 00682nam a2200265Ia 4500
005 20260121172930.0
008 008 260114s9999 xx 000 0 eng d
020 _a9783030867829
037 _aEBOOK
040 _aCRL
040 _beng
040 _cCRL
041 _2eng
041 _aeng
084 _qCRL
100 _aVenkata Dinavahi, Ning Lin
_91094540
245 0 _aParallel Dynamic and Transient Simulation of Large-Scale Power Systems
260 _bSpringer
260 _bSpringer
260 _c2022
856 _uhttps://link.springer.com/openurl?genre=book&isbn=978-3-030-86782-9
942 _cEBOOK
999 _c1660282
_d1660282